000 02150cam a22004694i 4500
003 PE-LiUPU
005 20250731173428.0
008 150706s2004 bl a r 000 0 por d
035 _a(Sirsi) a52126
040 _aPE-LiUPU
_bspa
_cPE-LiUPU
_erda
049 _aPRUA
082 0 4 _a291.24
_bD21
_221
100 1 _aDe Angelis, Fernando,
_eautor.
245 1 0 _aA origem da vida por evoluçâo :
_bum obstáculo ao desenvolvimento da ciência /
_cFernando de Angelis .
264 1 _aBrasilia :
_bSociedade Criasionista Brasileira,
_c2004.
300 _a76 páginas :
_bilustraciones ;
_c21 centímetros
336 _atext
_2rdacontent
337 _aunmediated
_2rdamedia
338 _avolume
_2rdacarrier
505 0 _aAgradecimiento constante da edicao em língua inglesa -- Criterios que forman seguidos -- Evolucao um problema a ser esclarecido -- Geracao espontanea: O velho modo de dizer "evolucao abiogénica" -- História da geracao espontanea ate pasterur -- Ciencia en metafísica -- Conhecimiento científico e conhecimento filosófico -- Comparacao entre a possibillidade de experimentacao naciéncia e o conhecimento especulativo -- Os nao-especialistas e a ciencia -- O problema da origen da vida -- Reflexoes libres sobre a abiogénese.
526 _aSEG42
526 _aSEG41
526 _aSEG40
526 _aSEG39
526 _aP94
526 _aP87
526 _aP86
526 _aP85
526 _aP77
526 _aP76
526 _aP35
650 0 4 _aDoctrina
_xCreación
_xReligión.
650 0 4 _aReligión
_xOrigen de la vida .
650 0 4 _aFilosofía
_xOrigen de la vida.
910 _cng
_d20130423
942 _2ddc
_cBOOK
949 _a291.24 D21
_wDEWEY
_c1
_i67019
_lCCODEBUL1
_mBUL
_p10.00
_r0
_sY
_tLIBRO
_u2015-07-06
_xBIBLIOTECA
_zUNKNOWN
_o.STAFF. Colección General
994 _aC0
_bPEPRU
596 _a1
999 _a291.24 D21
_wDEWEY
_c54724
_i67019
_f2021-11-11
_g5
_lCCODEBUL1
_mBUL
_p10.00
_r0
_sY
_tBOOK
_u2015-7-6
_xTEOLOGIA
_PP35
_0COMPRA
_o.STAFF. Colección Teología
_d54724
980 _81
_gALBERTO SANCHEZ Responsable de Automatización